000 00988nam a2200265 a 4500
005 20250331185241.0
008 000000s2012 000 0 spa
020 _a9788498352641
020 _a8498352649
040 _aCO-CtgCURN
_bspa
_ccoctgcurn
082 0 4 _a646.75
_bW832
100 1 _aWittlinger, Hildegard.
245 1 0 _aDrenaje manual según el método del Dr. Vodder /
_cHildegard Wittlinger, Dieter Wittlinger; Andreas Wittlinger; Maria Wittlinger; Gema Perramón Serra.
260 _aMadrid :
_bMédica Panamericana,
_c2012.
300 _aix, 154 páginas :
_bil. ;
_c27 cm.
650 0 _aLymphatic system diseases.
650 4 _aSistema linfático
_xEnfermedades.
650 4 _aDrenaje linfático.
700 1 _aWittlinger, Dieter.
700 1 _aWittlinger, Andreas.
700 1 _aWittlinger, María.
700 1 _aPerramón Sierra, Gema,
_etraductor.
942 _aMHC
_cBK
_h646.75
_iW832
_2ddc
999 _c24125
_d24125